000 02435nam0a2200433 4500
001 RU\NLR\bibl\387182
005 20260407064228.0
010 _a5-222-02660-4
_95000
021 _aRU
_b2002-66842
_93241
035 _a(NLR Aleph) 000381534
090 _a458776
_c458776
100 _a20030402d2002 |||y0rusy50 ca
101 0 _arus
102 _aRU
105 _aa |||||||||
200 1 _aМенеджмент организации: современные технологии
_e[Учеб. пособие для вузов по спец. "Менеджмент орг."
_fД.ф.-м.н., проф. А.В. Белоконь, д.э.н., проф., засл. деятель наук РФ В.С. Золотарев, Е.А. Ахмедова и др.]
_gПод ред. проф. Н.Г. Кузнецова, проф. И.Ю. Солдатовой
_gФедерал. прогр. подгот. управлен. кадров для орг. нар. хоз-ва Рос. Федерации
210 _aРостов н/Д
_cФеникс
_d2002
215 _a478,[1] с.
_cил.
_d21
225 1 _aСерия "Учебники и учебные пособия"
225 1 _aВысшее образование
320 _aБиблиогр.: с. 472-477
606 0 _aОрганизации
_jУчебные издания для высшей школы
_xУправление
_92081403
_3RU\NLR\auth\661257382
606 0 _aОрганизации
_jРуководства, пособия и т.п. для высшей школы
_xУправление
_92081403
_3RU\NLR\auth\661257382
610 0 _aМенеджмент
675 _a65.01(075.8)
_v3
_zrus
686 _a06.81
_2rugasnti
686 _a65.290-2я73
_2rubbk
686 _aУ21(0)91я73
701 1 _aБелоконь
_bА. В.
_4070
701 1 _aЗолотарев
_bВ. С.
_4070
701 1 _aАхмедова
_bЕ. А.
_4070
702 1 _4340
_8rus
_7ca
_aКузнецов
_bН. Г.
_cд-р экон. наук
_f1948-
_gНиколай Геннадьевич
_3RU\NLR\auth\7741362
_924310
712 0 2 _4570
_aПрезидентская программа подготовки управленческих кадров для организаций народного хозяйства РФ
_3RU\NLR\AUTH\8810031614
_9561842
801 0 _aRU
_bRKP
_c20030402
_gPSBO
801 1 _aRU
_bRKP
_c20030402
801 2 _aRU
_bNLR
_c20060824
_grcr
942 _cBOOK
980 _aNB